A biographical dictionary of british architects (Record no. 9475)

000 -LEADER
fixed length control field 00379nam a2200145 4500
003 - CONTROL NUMBER IDENTIFIER
control field OSt
005 - DATE AND TIME OF LATEST TRANSACTION
control field 20210624163947.0
008 - FIXED-LENGTH DATA ELEMENTS--GENERAL INFORMATION
fixed length control field 210624b ||||| |||| 00| 0 eng d
020 ## - INTERNATIONAL STANDARD BOOK NUMBER
International Standard Book Number 9780300125085
082 ## - DEWEY DECIMAL CLASSIFICATION NUMBER
Edition number 720.92241
Classification number COL
100 ## - MAIN ENTRY--PERSONAL NAME
Personal name Colvin Howard
245 ## - TITLE STATEMENT
Title A biographical dictionary of british architects
260 ## - PUBLICATION, DISTRIBUTION, ETC. (IMPRINT)
Place of publication, distribution, etc London
Name of publisher, distributor, etc Yale university press
Date of publication, distribution, etc 2008
942 ## - ADDED ENTRY ELEMENTS (KOHA)
Source of classification or shelving scheme
Holdings
Withdrawn status Lost status Source of classification or shelving scheme Damaged status Koha normalized classification for sorting Not for loan Permanent location Current location Date acquired Full call number Barcode Date last seen Price effective from Koha item type
        720_922000000000000_COL   BMS College of Architecture, Design and Planning BMS College of Architecture, Design and Planning 2021-06-24 720.922 COL AR-UG2280 2021-06-24 2021-06-24 UG Books
Copyright © 2025, The Librarian, Library and Information Centre, BMSCA D&P, Bengaluru. All Rights Reserved
web counter

Powered by Koha